The modernization of Japan

Gespeichert in:
Bibliographische Detailangaben
Format: Buch
Sprache:Undetermined
Veröffentlicht: Tokyo Institute of Asian Economic Affairs 1966
Tags: Tag hinzufügen
Keine Tags, Fügen Sie den ersten Tag hinzu!
Thư viện lưu trữ: Trung tâm Học liệu Trường Đại học Cần Thơ
LEADER 00486nam a2200157Ia 4500
001 CTU_96745
008 210402s9999 xx 000 0 und d
082 |a 330.952 
082 |b M689 
245 4 |a The modernization of Japan 
245 0 |c Edited by Tōbata Seiichi 
260 |a Tokyo 
260 |b Institute of Asian Economic Affairs 
260 |c 1966 
904 |i Năm (sửa số pl 330.952/T628 thành 330.952/M689) 
980 |a Trung tâm Học liệu Trường Đại học Cần Thơ